000 00808cam a2200229 a 4500
999 _c7687
_d7687
003 OSt
005 20200317154551.0
008 091020s2010 dcuabf b 001 0 eng
020 _a9781597266796 (cloth : alk. paper)
082 0 0 _a712.50973
_222
100 1 _aHarnik, Peter.
245 1 0 _aUrban green :
_binnovative parks for resurgent cities /
_cPeter Harnik.
260 _aWashington, DC :
_bIsland Press,
_cc2010.
300 _axiv, 184 p., [8] p. of plates :
_bcol. ill., col. map ;
_c23 cm.
504 _aIncludes bibliographical references and index.
650 0 _aUrban parks
_zUnited States.
650 0 _aCity planning
_zUnited States.
650 0 _aOpen spaces
_zUnited States.
650 0 _aUrban renewal
_zUnited States.
650 0 _aUrban landscape architecture
_zUnited States.
942 _2ddc